1687 1408 1934 1417 1823 1496 1253 1746 1413 1939 1257 1889 1845 1744 1377 1490 1036 1121 1904 1003 1283 1017 1703 1522 1053 1888 1686 1752 1232 1132 1543 1673 1520 1551 1332 1149 1053 1150 1930 1872 1132 1293 1535 1348 1541 1376 1102 1664 1843 1045 1768 1791 1361 1577 1613 1273 1208 1564 1612 1510 1392 1236 1936 1117 1113 1954 1357 1702 1685 1008 1728 1043 1848 1679 1518 1612 1075 1406 1748 1789 1686 1743 1486 1761 1724 1468 1050 1388 1117 1358 1256 1547 1819 1342 1476 1427 1874 1205 1614 BCNSPRNW ULIB Ver.6.0+V

เปลี่ยนเป็นภาษาไทย

Change to English
 แสดงรายละเอียดบรรณานุกรม
  กลับหน้าหลัก

Brief Record : Get Marc (ISO 2709) : E-mail record : QR code < ปิดหน้าต่าง
LEADER : 00000nam 2200000uu 4500
001    13399126511
003     ULIB
008    181003s2556||||th 000 0 tha d
020    ^a9786162792311
060 04 ^aWK810 ^bก446
245 00 ^aการจัดการรายกรณีผู้ป่วยโรคเบาหวานและความดันโลหิตสูง /^cบรรณาธิการ ศิริอร สินธุ, พิเชต วงรอต
250    ^aพิมพ์ครั้งที่ 1
260    ^aกรุงเทพฯ : ^bวัฒนาการพิมพ์, ^c2556
300    ^aฏ, 237 หน้า
504    ^aบรรณานุกรมท้ายบท
504    ^aดัชนีท้ายเล่ม
590    ^aGift-T-59
650  7 ^aความดันเลือดสูง
650  7 ^aเบาหวาน
650  7 ^aการพยาบาล
650  7 ^aการพยาบาลอายุรศาสตร์
700 0  ^aศิริอร สินธุ,^eบรรณาธิการ
700 0  ^aพิเชต วงรอต,^eบรรณาธิการ
945    ^p0^l0^i004680
999    ^aประนอม เกษจรัล
รายการนี้ยังไม่มีแท็ก
คุณยังไม่ได้ล็อกอิน คุณสามารถมีกิจกรรมร่วมกับเว็บไซต์ได้ แต่ต้องล็อกอินก่อน ::
  ล็อกอิน

รายการสื่อสารสนเทศ

ลำดับที่ ประเภท เลขเรียก/บาร์โค้ด สถานที่ สถานะ
1. วิทยาศาสตร์การแพทย์ และสุขภาพ
หนังสือสำรอง
สถานะ=หนังสือสำรอง
WK810 ก446 ฉ.1 
  Barcode: 004680
ห้องสมุดวิทยาเขตสวรรค์ประชารักษ์
►ส่วนจัดเก็บหนังสือเก่า สปร
บนชั้น
  ขอยืม

รายการใกล้เคียง
    ชื่อเรื่อง [การจัดการรายกรณีผู้ป่วยโรคเบาหวานและความดันโลหิตสูง / บรรณาธิการ ศิริอร สินธุ, พิเชต วงรอต]

    หัวเรื่อง [ความดันเลือดสูง]
    หัวเรื่อง [เบาหวาน]
    หัวเรื่อง [การพยาบาล]
    หัวเรื่อง [การพยาบาลอายุรศาสตร์]

BibComment


ยังไม่เคยถูกคอมเมนท์

คอมเมนท์ทรัพยากรรายการนี้
  คอมเมนท์: การจัดการรายกรณี..


 Copyright 2026. Bcnsprnw @Library